000 00845nam a2200205Ia 4500
003 IN-BaIIA
008 211028s9999 xx s 000 0 eng d
020 _a978-1-108-47161-9 (Print)
022 _a1743-9213 (Print)
022 _a1743-9221 (Online)
040 _cIIA Library
100 _aMcQuinn, K. B. W., ed.
_940746
245 0 _aDwarf Galaxies: From the Deep Universe to the Present
_h[eBook]
260 _aCambridge
_bCambridge University Press
_c2019
300 _aOnline resource
490 _aIAU Symposium; no. 344
700 _aStierwalt, S., ed.
_940747
856 _uhttps://www.cambridge.org/core/journals/proceedings-of-the-international-astronomical-union/issue/2DB6DB9490B5315A2850321FE81920B6
_yClick Here to Access eBook
942 _cEB
999 _c22053
_d22053